header

Technology and strategy (Record no. 5051)

MARC details
000 -LEADER
fixed length control field 01381nam a2200337Ia 4500
082 04 - DEWEY DECIMAL CLASSIFICATION NUMBER
Classification number 658.4/012
100 1# - MAIN ENTRY--AUTHOR NAME
Personal name Goodman, Richard A.
245 10 - TITLE STATEMENT
Title Technology and strategy
260 ## - PUBLICATION, DISTRIBUTION, ETC. (IMPRINT)
Place of publication New York :
Name of publisher Oxford University Press,
Year of publication c1994.
300 ## - PHYSICAL DESCRIPTION
Number of Pages x, 291 p. :
Other physical details ill.
650 #0 - SUBJECT ADDED ENTRY--TOPICAL TERM
Topical Term Business planning.
Topical Term Technological innovations
Topical Term Technological innovations
700 1# - ADDED ENTRY--PERSONAL NAME
Personal name Lawless, Michael W.
856 40 - ELECTRONIC LOCATION AND ACCESS
Uniform Resource Identifier http://site.ebrary.com/lib/rucke/Doc?id=10278617

No items available.

© 2026 Rongo University
Contact us: librarian | system librarian | Rongo university